[Event "CHN-chT"]
[Site "Qingdao"]
[Date "2024.04.07"]
[Round "6.2"]
[White "Dai, Changren"]
[Black "Xiu, Deshun"]
[Result "1/2-1/2"]
[WhiteElo "2501"]
[BlackElo "2510"]
[PlyCount "71"]
[EventDate "2024.04.02"]
[EventType "team-swiss"]
[EventRounds "9"]
[EventCountry "CHN"]
[SourceTitle "CB16_2024"]
[SourceDate "2024.04.17"]
[SourceVersion "1"]
[SourceVersionDate "2024.04.17"]
[SourceQuality "1"]
[WhiteTeam "Tianjin"]
[BlackTeam "Beijing"]
[WhiteTeamCountry "CHN"]
[BlackTeamCountry "CHN"]

1. d4 Nf6 2. c4 e6 3. Nc3 Bb4 4. e3 0-0 5. a3 Bxc3+ 6. bxc3 c5 7. Bd3 Nc6 8. Ne2 b6 9. e4 Ne8 10. 0-0 Ba6 11. f4 f5 12. Ng3 g6 13. Be3 cxd4 14. cxd4 d5 15. cxd5 Bxd3 16. Qxd3 fxe4 17. Nxe4 Qxd5 18. Ng5 Rd8 19. Rad1 Ng7 20. Rfe1 Rd6 21. Qe2 Nf5 22. Nf3 Nxe3 23. Qxe3 Qf5 24. g3 Qd5 25. g4 b5 26. Re2 a5 27. Ng5 b4 28. axb4 axb4 29. Qh3 Rd7 30. Nxe6 Rb8 31. f5 b3 32. Qh6 Qf3 33. Rde1 Re7 34. fxg6 b2 35. Rb1 Qxe2 36. gxh7+ 1/2-1/2

[Event "CHN-chT"]
[Site "Qingdao"]
[Date "2024.04.04"]
[Round "3.2"]
[White "Zhang, Ziji"]
[Black "Dai, Changren"]
[Result "0-1"]
[WhiteElo "2392"]
[BlackElo "2501"]
[PlyCount "72"]
[EventDate "2024.04.02"]
[EventType "team-swiss"]
[EventRounds "9"]
[EventCountry "CHN"]
[SourceTitle "CB16_2024"]
[SourceDate "2024.04.17"]
[SourceVersion "1"]
[SourceVersionDate "2024.04.17"]
[SourceQuality "1"]
[WhiteTeam "Hebei"]
[BlackTeam "Tianjin"]
[WhiteTeamCountry "CHN"]
[BlackTeamCountry "CHN"]

1. d4 Nf6 2. c4 e6 3. Nf3 b6 4. Nc3 Bb7 5. a3 Ne4 6. Nxe4 Bxe4 7. e3 d6 8. Bd3 Bb7 9. e4 Nd7 10. 0-0 a5 11. Be3 g6 12. b4 Bg7 13. Rb1 axb4 14. axb4 0-0 15. Qc2 Ra3 16. Ra1 Qa8 17. Qb2 Rxa1 18. Rxa1 Qc8 19. Qc2 f5 20. Re1 Nf6 21. e5 Ng4 22. exd6 Nxe3 23. Rxe3 cxd6 24. c5 Bxf3 25. Rxf3 Bxd4 26. cxd6 Qxc2 27. Bxc2 Rd8 28. g4 fxg4 29. Rf4 Rxd6 30. Be4 e5 31. Rxg4 Rf6 32. Rg2 Rf4 33. Bd5+ Kg7 34. Kf1 e4 35. Ke2 Kf6 36. f3 Rxf3 0-1

[Event "CHN-chT Div A Finals"]
[Site "Nanjing"]
[Date "2023.12.09"]
[Round "7.3"]
[White "Dai, Changren"]
[Black "Zeng, Chongsheng"]
[Result "0-1"]
[WhiteElo "2491"]
[BlackElo "2577"]
[PlyCount "96"]
[EventDate "2023.12.02"]
[EventType "team-tourn"]
[EventRounds "10"]
[EventCountry "CHN"]
[SourceTitle "CB50_2023"]
[SourceDate "2023.12.13"]
[SourceVersion "1"]
[SourceVersionDate "2023.12.13"]
[SourceQuality "1"]
[WhiteTeam "Tianjin"]
[BlackTeam "Chongqing Sports Lottery"]
[WhiteTeamCountry "CHN"]
[BlackTeamCountry "CHN"]

1. e4 c5 2. Nf3 d6 3. d4 cxd4 4. Nxd4 Nf6 5. Nc3 a6 6. Be3 e5 7. Nb3 Be6 8. f3 h5 9. Nd5 Bxd5 10. exd5 Nbd7 11. Qd2 g6 12. 0-0-0 Nb6 13. Kb1 Nbxd5 14. Bf2 Qc7 15. c4 Nf4 16. Be3 Ne6 17. Be2 Be7 18. Rc1 Rd8 19. h4 b6 20. Qe1 Nd7 21. g4 Qb7 22. Qf2 hxg4 23. fxg4 Bxh4 24. Rxh4 Rxh4 25. Nd2 Rh1 26. Bf3 Rxc1+ 27. Kxc1 Qc7 28. Bd5 Ndc5 29. Qf6 Nf4 30. Bxf4 Nd3+ 31. Kb1 Nxf4 32. Ne4 Nxd5 33. cxd5 Qe7 34. Qf2 Rb8 35. g5 Kd8 36. a3 Qd7 37. Qf6+ Kc7 38. Ka2 Rd8 39. Qf1 Kb7 40. Qf6 Qc7 41. Kb1 Rd7 42. a4 b5 43. axb5 axb5 44. b3 Qb6 45. Qf1 Ka6 46. Qc1 Kb7 47. Qf1 Rc7 48. Qe1 Ka6 0-1

[Event "CHN-chT Div A Finals"]
[Site "Nanjing"]
[Date "2023.12.04"]
[Round "3.8"]
[White "Ye, Jiangchuan"]
[Black "Dai, Changren"]
[Result "0-1"]
[WhiteElo "2603"]
[BlackElo "2491"]
[PlyCount "119"]
[EventDate "2023.12.02"]
[EventType "team-tourn"]
[EventRounds "10"]
[EventCountry "CHN"]
[SourceTitle "CB50_2023"]
[SourceDate "2023.12.13"]
[SourceVersion "1"]
[SourceVersionDate "2023.12.13"]
[SourceQuality "1"]
[WhiteTeam "Shenzhen Pengcheng"]
[BlackTeam "Tianjin"]
[WhiteTeamCountry "CHN"]
[BlackTeamCountry "CHN"]

1. e4 e5 2. Nf3 Nc6 3. Bb5 a6 4. Ba4 Nf6 5. 0-0 Be7 6. Re1 b5 7. Bb3 0-0 8. d3 d6 9. c3 Na5 10. Bc2 c5 11. Nbd2 Nc6 12. d4 cxd4 13. cxd4 Bg4 14. h3 Bh5 15. d5 Nd4 16. Bd3 Nd7 17. g4 Nc5 18. Nxd4 exd4 19. Bb1 Bg6 20. Nf3 Re8 21. Nxd4 Bh4 22. f3 Bxe1 23. Qxe1 Rc8 24. Bd2 h5 25. Bc2 hxg4 26. hxg4 Nxe4 27. fxe4 Rc4 28. Be3 Rxc2 29. Nxc2 Rxe4 30. Qg3 Qc8 31. Bf4 Qxc2 32. Rc1 Qe2 33. Rc8+ Re8 34. Rxe8+ Qxe8 35. Bxd6 Qe4 36. Be5 Qxd5 37. a3 Qd1+ 38. Kf2 Qd2+ 39. Kg1 Bd3 40. Bc3 Qc1+ 41. Kf2 Qc2+ 42. Ke3 Bc4 43. Kd4 f6 44. Kc5 Qe4 45. Kb6 Qe6+ 46. Kc5 g5 47. Qd6 Qxd6+ 48. Kxd6 Kf7 49. a4 bxa4 50. Ba5 Be6 51. Bd8 Bxg4 52. Kd5 Kg6 53. Ke4 Bd7 54. Be7 Bc6+ 55. Kd4 f5 56. Ke5 f4 57. Bd8 Kh5 58. Be7 Kg4 59. Kf6 f3 60. Bc5 0-1

[Event "CHN-chT Div A Finals"]
[Site "Nanjing"]
[Date "2023.12.02"]
[Round "1.13"]
[White "Peng, Xiongjian"]
[Black "Dai, Changren"]
[Result "0-1"]
[WhiteElo "2525"]
[BlackElo "2491"]
[PlyCount "96"]
[EventDate "2023.12.02"]
[EventType "team-tourn"]
[EventRounds "10"]
[EventCountry "CHN"]
[SourceTitle "CB50_2023"]
[SourceDate "2023.12.13"]
[SourceVersion "1"]
[SourceVersionDate "2023.12.13"]
[SourceQuality "1"]
[WhiteTeam "Chongqing Jiulongpo"]
[BlackTeam "Tianjin"]
[WhiteTeamCountry "CHN"]
[BlackTeamCountry "CHN"]

1. e4 e5 2. Nf3 Nc6 3. Bb5 a6 4. Ba4 Nf6 5. d3 b5 6. Bb3 Bc5 7. a4 Rb8 8. axb5 axb5 9. Nc3 h6 10. Be3 d6 11. 0-0 0-0 12. h3 Bxe3 13. fxe3 Be6 14. Nd5 Bxd5 15. exd5 Ne7 16. e4 Ng6 17. Qd2 Ra8 18. Kh2 Qd7 19. Qe3 Nh5 20. Rxa8 Rxa8 21. Ng1 Qe7 22. Qf3 Nf6 23. Ne2 Nd7 24. Nc3 Rb8 25. Na2 Nc5 26. Nb4 Ra8 27. Nc6 Qd7 28. g3 Qe8 29. Nb4 Ne7 30. Ba2 Na4 31. Rb1 Qd7 32. c3 f5 33. d4 fxe4 34. Qxe4 exd4 35. Nc6 Nf5 36. Qxf5 Qxf5 37. Ne7+ Kh7 38. Nxf5 Nxc3 39. bxc3 Rxa2+ 40. Kg1 dxc3 41. Nd4 Rd2 42. Nf3 Rxd5 43. Ne1 Rd2 44. Kf1 c5 45. Nf3 Rb2 46. Rxb2 cxb2 47. Nd2 c4 48. Nb1 b4 0-1

[Event "Belt and Road op 3rd"]
[Site "Qinhuangdao"]
[Date "2023.11.23"]
[Round "7"]
[White "Batchuluun, Tsegmed"]
[Black "Dai, Changren"]
[Result "1/2-1/2"]
[WhiteElo "2455"]
[BlackElo "2491"]
[PlyCount "52"]
[EventDate "2023.11.19"]
[EventType "swiss"]
[EventRounds "9"]
[EventCountry "CHN"]
[SourceTitle "CB48_2023"]
[SourceDate "2023.11.29"]
[SourceVersion "1"]
[SourceVersionDate "2023.11.29"]
[SourceQuality "1"]

1. d4 Nf6 2. c4 c6 3. Nf3 d5 4. e3 Bf5 5. Nc3 e6 6. Nh4 Be4 7. f3 Bg6 8. Qb3 Qb6 9. Nxg6 hxg6 10. Bd2 Nbd7 11. Be2 Be7 12. Qxb6 axb6 13. cxd5 exd5 14. a4 Nf8 15. Kf2 Ne6 16. b3 g5 17. h3 Bb4 18. Rhd1 0-0 19. Rac1 g6 20. Rc2 Rfe8 21. Bc1 Re7 22. Bd3 Rae8 23. Na2 Bd6 24. Nc3 Bb4 25. Na2 Bd6 26. Nc3 Bb4 1/2-1/2

[Event "Belt and Road op 3rd"]
[Site "Qinhuangdao"]
[Date "2023.11.22"]
[Round "6"]
[White "Dai, Changren"]
[Black "Wang, Shixu B"]
[Result "1-0"]
[WhiteElo "2491"]
[BlackElo "2409"]
[PlyCount "125"]
[EventDate "2023.11.19"]
[EventType "swiss"]
[EventRounds "9"]
[EventCountry "CHN"]
[SourceTitle "CB48_2023"]
[SourceDate "2023.11.29"]
[SourceVersion "1"]
[SourceVersionDate "2023.11.29"]
[SourceQuality "1"]

1. d4 Nf6 2. c4 e6 3. Nf3 d5 4. Nc3 Be7 5. Bf4 0-0 6. a3 b6 7. Qc2 Bb7 8. Rd1 c5 9. cxd5 Nxd5 10. dxc5 Qc8 11. Nxd5 Bxd5 12. e4 Bb7 13. Bd3 Qxc5 14. Qe2 Qa5+ 15. Bd2 Qa4 16. Bc3 Ba6 17. Bxa6 Qxa6 18. Nd4 Qxe2+ 19. Kxe2 Rc8 20. Rd3 a6 21. Rhd1 Ra7 22. f4 Re8 23. g4 Rc7 24. g5 Rec8 25. Nf3 Nc6 26. h4 f6 27. h5 Kf7 28. Rg1 Rd8 29. g6+ hxg6 30. hxg6+ Kg8 31. Rxd8+ Bxd8 32. Rd1 Be7 33. Be1 b5 34. Bf2 Kf8 35. Rh1 Kg8 36. Bb6 Rc8 37. Rd1 Kf8 38. Rh1 Kg8 39. Be3 f5 40. e5 b4 41. a4 Na5 42. Nd4 b3 43. Rc1 Rxc1 44. Bxc1 Bc5 45. Nxe6 Bb6 46. Kd3 Nc6 47. Be3 Bxe3 48. Kxe3 Ne7 49. Nc5 Nd5+ 50. Kf3 Nb6 51. a5 Nc4 52. Nxb3 Kf8 53. Nc5 Nxb2 54. Nxa6 Nc4 55. Nc5 Nxa5 56. Ne6+ Kg8 57. Nd4 Nb7 58. Nxf5 Nc5 59. Ke3 Ne6 60. Ke4 Nc5+ 61. Ke3 Kf8 62. Ng3 Ke7 63. Nh5 1-0

[Event "Belt and Road op 3rd"]
[Site "Qinhuangdao"]
[Date "2023.11.21"]
[Round "5"]
[White "Zou, Chen"]
[Black "Dai, Changren"]
[Result "0-1"]
[WhiteElo "2448"]
[BlackElo "2491"]
[PlyCount "52"]
[EventDate "2023.11.19"]
[EventType "swiss"]
[EventRounds "9"]
[EventCountry "CHN"]
[SourceTitle "CB48_2023"]
[SourceDate "2023.11.29"]
[SourceVersion "1"]
[SourceVersionDate "2023.11.29"]
[SourceQuality "1"]

1. e4 c6 2. d4 d5 3. e5 Bf5 4. Nf3 e6 5. Be2 Nd7 6. 0-0 h6 7. Nbd2 g5 8. Nb3 Ne7 9. Ne1 Qc7 10. Bh5 c5 11. c3 c4 12. Nd2 Bg7 13. f4 gxf4 14. Ndf3 Ng6 15. Bxg6 fxg6 16. Nh4 Be4 17. Qg4 Nf8 18. Rxf4 0-0-0 19. Rxe4 dxe4 20. Nxg6 h5 21. Qh3 Nxg6 22. Qxe6+ Kb8 23. Qxg6 Bxe5 24. dxe5 Qc5+ 25. Kh1 Rhf8 26. g3 Qf2 0-1

[Event "Belt and Road op 3rd"]
[Site "Qinhuangdao"]
[Date "2023.11.19"]
[Round "1"]
[White "Wang, Yu A"]
[Black "Dai, Changren"]
[Result "1/2-1/2"]
[WhiteElo "2222"]
[BlackElo "2491"]
[PlyCount "106"]
[EventDate "2023.11.19"]
[EventType "swiss"]
[EventRounds "9"]
[EventCountry "CHN"]
[SourceTitle "CB48_2023"]
[SourceDate "2023.11.29"]
[SourceVersion "1"]
[SourceVersionDate "2023.11.29"]
[SourceQuality "1"]

1. e4 c5 2. Nf3 Nc6 3. d4 cxd4 4. Nxd4 Nf6 5. Nc3 d6 6. Be2 g6 7. 0-0 Bg7 8. Be3 0-0 9. Qd2 Bd7 10. Nxc6 bxc6 11. f4 Ng4 12. Bxg4 Bxg4 13. f5 d5 14. exd5 cxd5 15. Nxd5 Bxf5 16. Bc5 e6 17. Ne7+ Kh8 18. Qf2 Be4 19. Rad1 Qc7 20. b4 f5 21. Qh4 Bf6 22. Nxg6+ Kg8 23. Ne7+ Kg7 24. Qf4 Qb7 25. Qg3+ Kh8 26. Qd6 Rae8 27. Qxe6 Rxe7 28. Bxe7 Qxe7 29. Qxe7 Bxe7 30. a3 Bg5 31. Kf2 Rc8 32. Rfe1 Rxc2+ 33. Re2 Rc3 34. a4 Bh4+ 35. g3 Be7 36. Rb2 Rc7 37. a5 Kg7 38. b5 Kf6 39. b6 Bc5+ 40. Ke2 axb6 41. axb6 Rb7 42. Rb5 Be7 43. Ke3 Bc6 44. Rb2 Ke5 45. Ke2 Ke6 46. Rc1 Bd5 47. Rc7 Rb8 48. b7 Kd6 49. Rc8 Rxb7 50. Rxb7 Bxb7 51. Rh8 Bd5 52. Rxh7 Ke6 53. h4 Be4 1/2-1/2

[Event "Qatar Masters op"]
[Site "Doha"]
[Date "2023.10.18"]
[Round "7"]
[White "Dai, Changren"]
[Black "Rakhmatullaev, Almas"]
[Result "1-0"]
[WhiteElo "2507"]
[BlackElo "2389"]
[PlyCount "133"]
[EventDate "2023.10.11"]
[EventType "swiss"]
[EventRounds "9"]
[EventCountry "QAT"]
[SourceTitle "Mega2024 Update 01"]
[Source "Chessbase"]
[SourceDate "2023.11.12"]
[SourceVersion "1"]
[SourceVersionDate "2023.11.12"]
[SourceQuality "1"]

1. d4 d5 2. c4 e6 3. Nc3 a6 4. cxd5 exd5 5. Bf4 Nf6 6. e3 Bd6 7. Bg5 c6 8. Bd3 h6 9. Bh4 0-0 10. Nge2 Re8 11. h3 Be6 12. 0-0 Nbd7 13. Rc1 Rc8 14. Bb1 Nf8 15. f3 c5 16. dxc5 Bxc5 17. Nd4 Ng6 18. Bf2 Ne5 19. Nce2 Bd7 20. b3 Qb6 21. Nf4 Bb5 22. Nxb5 axb5 23. Nxd5 Nxd5 24. Qxd5 Bxe3 25. Rxc8 Bxf2+ 26. Rxf2 Rxc8 27. Qxe5 Rc1+ 28. Kh2 Rxb1 29. Qe8+ Kh7 30. Qxf7 Qd6+ 31. f4 Qc5 32. Re2 Rd1 33. Qe6 Qg1+ 34. Kg3 Rd3+ 35. Kh4 Rd8 36. Qf5+ Kh8 37. Qxb5 Rf8 38. Re8 Qf2+ 39. g3 Rxe8 40. Qxe8+ Kh7 41. Qe4+ Kh8 42. Qxb7 Qxa2 43. Qc8+ Kh7 44. Qf5+ Kh8 45. b4 Qd2 46. Qf8+ Kh7 47. Qe7 Qd5 48. Qe5 Qd8+ 49. Kg4 g6 50. Kf3 Qd1+ 51. Ke4 Qb1+ 52. Kd5 Qxb4 53. Qc7+ Kg8 54. Qd8+ Kf7 55. Qd7+ Kg8 56. Ke6 Qf8 57. Ke5 h5 58. g4 hxg4 59. hxg4 Qb8+ 60. Qd6 Qb2+ 61. Qd4 Qh2 62. Qd8+ Kg7 63. Qc7+ Kh8 64. Kf6 Qh6 65. Qd8+ Kh7 66. Qe7+ Kg8 67. g5 1-0

[Event "Qatar Masters op"]
[Site "Doha"]
[Date "2023.10.15"]
[Round "5"]
[White "Dai, Changren"]
[Black "Bai, Adelard"]
[Result "1/2-1/2"]
[WhiteElo "2507"]
[BlackElo "2395"]
[PlyCount "69"]
[EventDate "2023.10.11"]
[EventType "swiss"]
[EventRounds "9"]
[EventCountry "QAT"]
[SourceTitle "Mega2024 Update 01"]
[Source "Chessbase"]
[SourceDate "2023.11.12"]
[SourceVersion "1"]
[SourceVersionDate "2023.11.12"]
[SourceQuality "1"]

1. d4 Nf6 2. c4 e6 3. Nf3 Bb4+ 4. Bd2 Bxd2+ 5. Qxd2 d5 6. e3 0-0 7. Be2 dxc4 8. Na3 c5 9. Nxc4 cxd4 10. Nxd4 Qe7 11. 0-0 e5 12. Nf3 Rd8 13. Qc3 e4 14. Nd4 Nd5 15. Qb3 Nf4 16. exf4 Rxd4 17. Ne5 Be6 18. Qe3 Rb4 19. b3 Nd7 20. Rfd1 Nxe5 21. fxe5 a5 22. Rd6 Rc8 23. Rad1 g6 24. h3 Kg7 25. Qd2 h6 26. h4 Rc5 27. Qf4 Rc3 28. Bc4 Bxc4 29. bxc4 Rbxc4 30. Rd7 e3 31. Qxc4 Qxd7 32. Rxd7 Rxc4 33. fxe3 Re4 34. Kf2 Rxe5 35. Rxb7 1/2-1/2

[Event "Qatar Masters op"]
[Site "Doha"]
[Date "2023.10.11"]
[Round "1"]
[White "Dai, Changren"]
[Black "Sattarov, Bobir"]
[Result "1-0"]
[WhiteElo "2507"]
[BlackElo "2341"]
[PlyCount "69"]
[EventDate "2023.10.11"]
[EventType "swiss"]
[EventRounds "9"]
[EventCountry "QAT"]
[SourceTitle "Mega2024 Update 01"]
[Source "Chessbase"]
[SourceDate "2023.11.12"]
[SourceVersion "1"]
[SourceVersionDate "2023.11.12"]
[SourceQuality "1"]

1. d4 Nf6 2. c4 e6 3. Nc3 Bb4 4. e3 0-0 5. Bd3 Re8 6. Nge2 d5 7. 0-0 Nbd7 8. a3 Bf8 9. cxd5 exd5 10. Nf4 Nb6 11. Qc2 Bd7 12. Kh1 Rc8 13. b4 a6 14. f3 Bc6 15. Nfe2 Bd6 16. e4 dxe4 17. fxe4 Ng4 18. e5 Qh4 19. Bf4 Nf2+ 20. Rxf2 Qxf2 21. Bxh7+ Kh8 22. Ne4 Qh4 23. Bf5 Bf8 24. Rf1 Be7 25. Rf3 Qe1+ 26. Ng1 g6 27. Bd2 Qa1 28. Bc3 Qxa3 29. Bxc8 Rxc8 30. Rxf7 Rf8 31. Rxe7 Nd5 32. Qd2 Nxe7 33. Qh6+ Kg8 34. d5 Rf1 35. Nf6+ 1-0

[Event "Abu Dhabi op 29th"]
[Site "Abu Dhabi"]
[Date "2023.08.17"]
[Round "2"]
[White "Rakesh, Kumar Jena"]
[Black "Dai, Changren"]
[Result "0-1"]
[WhiteElo "2289"]
[BlackElo "2499"]
[PlyCount "74"]
[EventDate "2023.08.16"]
[EventType "swiss"]
[EventRounds "9"]
[EventCountry "UAE"]
[SourceTitle "EXT 2024"]
[Source "ChessBase"]
[SourceDate "2023.10.10"]
[SourceVersion "1"]
[SourceVersionDate "2023.10.10"]
[SourceQuality "1"]

1. e4 e5 2. Nf3 Nc6 3. Bb5 a6 4. Ba4 Nf6 5. 0-0 Be7 6. Bxc6 dxc6 7. Qe2 Be6 8. Nc3 Nd7 9. h3 c5 10. d3 0-0 11. Nh2 Bd6 12. Nd1 b5 13. Ne3 Re8 14. g4 Nb8 15. Nf5 Nc6 16. c3 Bf8 17. Be3 a5 18. a4 c4 19. axb5 cxd3 20. Qf3 Ne7 21. Rfd1 Bc4 22. Bg5 Qd7 23. b3 Bxb3 24. Qxd3 Qxd3 25. Rxd3 Nxf5 26. gxf5 f6 27. Bc1 Red8 28. Rxd8 Rxd8 29. Nf1 Rd1 30. Kg2 a4 31. Ne3 Re1 32. Bb2 Rxa1 33. Bxa1 a3 34. Kf3 Bc5 35. h4 Kf7 36. Nd5 Bxd5 37. exd5 Ke7 0-1

[Event "Abu Dhabi op 29th"]
[Site "Abu Dhabi"]
[Date "2023.08.16"]
[Round "1"]
[White "Dai, Changren"]
[Black "Popov, Maksim1111"]
[Result "1-0"]
[WhiteElo "2499"]
[BlackElo "2354"]
[PlyCount "85"]
[EventDate "2023.08.16"]
[EventType "swiss"]
[EventRounds "9"]
[EventCountry "UAE"]
[SourceTitle "EXT 2024"]
[Source "ChessBase"]
[SourceDate "2023.10.10"]
[SourceVersion "1"]
[SourceVersionDate "2023.10.10"]
[SourceQuality "1"]

1. d4 Nf6 2. c4 e6 3. Nc3 Bb4 4. e3 0-0 5. Bd3 Re8 6. Nge2 d5 7. 0-0 Nbd7 8. cxd5 exd5 9. Qc2 a6 10. a3 Bd6 11. b4 Nf8 12. f3 Ng6 13. h3 a5 14. b5 c5 15. bxc6 bxc6 16. Bd2 Bb8 17. Na4 Qc7 18. Kf2 Nh4 19. Rh1 Ra7 20. Rab1 Qd6 21. Rb6 Bd7 22. Nc5 Bc8 23. Nb3 Bd7 24. Qc5 Bc7 25. Qxd6 Bxd6 26. Nc5 Ng6 27. Nxd7 Nxd7 28. Rxc6 Bxa3 29. Ra1 Bf8 30. Rxa5 Rxa5 31. Bxa5 Rb8 32. Bc7 Rb3 33. Rc3 Rb2 34. Rc2 Rb3 35. Nc1 Rb4 36. g4 Be7 37. Bf5 Nb6 38. Nd3 Bh4+ 39. Ke2 Rc4 40. Rxc4 Nxc4 41. Nb4 Ne7 42. Bd3 Na5 43. Bxa5 1-0

[Event "CHN-chT DivA"]
[Site "Fuling"]
[Date "2023.06.17"]
[Round "11.3"]
[White "Dai, Changren"]
[Black "Kong, Xiangrui"]
[Result "1/2-1/2"]
[WhiteElo "2515"]
[BlackElo "2273"]
[PlyCount "105"]
[EventDate "2023.06.05"]
[EventType "team-tourn"]
[EventRounds "11"]
[EventCountry "CHN"]
[SourceTitle "CBM 214 Extra"]
[Source "ChessBase"]
[SourceDate "2023.07.31"]
[SourceVersion "1"]
[SourceVersionDate "2023.07.31"]
[SourceQuality "1"]
[WhiteTeam "Tianjin"]
[BlackTeam "Hangzhou"]
[WhiteTeamCountry "CHN"]
[BlackTeamCountry "CHN"]

1. e4 e6 2. d4 d5 3. e5 c5 4. c3 Nc6 5. Nf3 Qb6 6. a3 Nh6 7. Bd3 cxd4 8. 0-0 Bd7 9. b4 Rc8 10. Bb2 Nf5 11. Bxf5 exf5 12. cxd4 Be7 13. Nc3 Be6 14. Na4 Qb5 15. Rc1 0-0 16. Nc3 Qb6 17. Qd3 a6 18. Na4 Qb5 19. Qxb5 axb5 20. Nc3 Na7 21. Nd2 f4 22. f3 g5 23. Nb3 b6 24. Nd2 f6 25. Rfe1 Kf7 26. g3 fxg3 27. hxg3 h5 28. Nf1 Rfd8 29. exf6 Bxf6 30. Red1 Rc4 31. Ne2 Nc8 32. Ne3 Rxc1 33. Rxc1 Nd6 34. Rc7+ Ke8 35. Rc6 Kd7 36. Rc1 Nc4 37. Nxc4 bxc4 38. Kf2 Bf5 39. Bc3 Ra8 40. Ra1 b5 41. Bb2 Bd3 42. Nc1 Re8 43. a4 bxa4 44. Rxa4 h4 45. Ra7+ Ke6 46. g4 Be7 47. Bc3 Kf6 48. Bd2 Rb8 49. Ra6+ Kf7 50. Ra7 Ke6 51. Ra6+ Kf7 52. Ra7 Ke6 53. Ra6+ 1/2-1/2

[Event "CHN-chT DivA"]
[Site "Fuling"]
[Date "2023.06.12"]
[Round "7.1"]
[White "Wan, Yunguo"]
[Black "Dai, Changren"]
[Result "1/2-1/2"]
[WhiteElo "2504"]
[BlackElo "2515"]
[PlyCount "100"]
[EventDate "2023.06.05"]
[EventType "team-tourn"]
[EventRounds "11"]
[EventCountry "CHN"]
[SourceTitle "CBM 214 Extra"]
[Source "ChessBase"]
[SourceDate "2023.07.31"]
[SourceVersion "1"]
[SourceVersionDate "2023.07.31"]
[SourceQuality "1"]
[WhiteTeam "Chongqing Jiulongpo"]
[BlackTeam "Tianjin"]
[WhiteTeamCountry "CHN"]
[BlackTeamCountry "CHN"]

1. e4 e5 2. Nf3 Nc6 3. Bb5 a6 4. Ba4 Nf6 5. d3 b5 6. Bb3 Be7 7. 0-0 d6 8. a4 Bd7 9. Nc3 Na5 10. Ba2 b4 11. Ne2 0-0 12. Ng3 c5 13. c3 Rb8 14. h3 Re8 15. Ng5 b3 16. Bb1 h6 17. Nf3 Bf8 18. d4 cxd4 19. cxd4 Rb4 20. Qe2 Nc4 21. Bd3 d5 22. Bxc4 Rxc4 23. dxe5 Nxe4 24. Nxe4 Rxe4 25. Qxa6 Rc4 26. Be3 Re6 27. Qb7 Rg6 28. Kh2 d4 29. Bf4 Bxa4 30. Rfd1 Rb4 31. Qe4 Bc6 32. Qd3 Bb5 33. Qf5 Qd5 34. Bg3 Bd7 35. Qd3 Bb5 36. Qf5 Ra6 37. Rxa6 Bxa6 38. Rc1 d3 39. Nd2 Rb5 40. Qe4 Bb4 41. Qxd5 Rxd5 42. Bf4 g5 43. Be3 Rxe5 44. Nxb3 Rb5 45. Kg1 Bf8 46. Rc3 f5 47. Rxd3 Rb8 48. Rc3 Bg7 49. Rc6 Rxb3 50. Rxa6 Rxb2 1/2-1/2

[Event "CHN-chT DivA"]
[Site "Fuling"]
[Date "2023.06.10"]
[Round "5.2"]
[White "Dai, Changren"]
[Black "Zhao, Yuanhe"]
[Result "1/2-1/2"]
[WhiteElo "2515"]
[BlackElo "2461"]
[PlyCount "71"]
[EventDate "2023.06.05"]
[EventType "team-tourn"]
[EventRounds "11"]
[EventCountry "CHN"]
[SourceTitle "CBM 214 Extra"]
[Source "ChessBase"]
[SourceDate "2023.07.31"]
[SourceVersion "1"]
[SourceVersionDate "2023.07.31"]
[SourceQuality "1"]
[WhiteTeam "Tianjin"]
[BlackTeam "Chengdu"]
[WhiteTeamCountry "CHN"]
[BlackTeamCountry "CHN"]

1. e4 c5 2. Nf3 Nc6 3. d4 cxd4 4. Nxd4 g6 5. c4 Bg7 6. Be3 Nf6 7. Nc3 0-0 8. Be2 d6 9. 0-0 Bd7 10. Nc2 Be6 11. f3 Nd7 12. Qd2 Qa5 13. Nd4 Nxd4 14. Bxd4 Bxd4+ 15. Qxd4 Rfc8 16. b3 a6 17. f4 Qb6 18. Qxb6 Nxb6 19. Bf3 Rab8 20. Rae1 Rc5 21. Rf2 Kf8 22. Ne2 Bd7 23. Nc1 Nc8 24. Nd3 Rc7 25. Rc1 Na7 26. e5 dxe5 27. fxe5 Nc6 28. Rcf1 Bf5 29. Bxc6 Rxc6 30. Nb4 Rc5 31. g4 Be6 32. Nd3 Rc6 33. h3 g5 34. Rd2 Kg7 35. Ne1 Rc5 36. Nd3 1/2-1/2

[Event "Shaoxing Hua Yi Rapid Cup 2nd"]
[Site "Shaoxing"]
[Date "2023.05.29"]
[Round "1.3"]
[White "Bai, Jinshi"]
[Black "Dai, Changren"]
[Result "1/2-1/2"]
[WhiteElo "2557"]
[BlackElo "2496"]
[PlyCount "84"]
[EventDate "2023.05.29"]
[EventType "k.o. (rapid)"]
[EventRounds "5"]
[EventCountry "CHN"]
[SourceTitle "CBM 214 Extra"]
[Source "ChessBase"]
[SourceDate "2023.07.31"]
[SourceVersion "1"]
[SourceVersionDate "2023.07.31"]
[SourceQuality "1"]

1. Nf3 Nf6 2. g3 g6 3. b3 d6 4. d4 b5 5. Bg5 Bg7 6. Nbd2 Bb7 7. Bg2 0-0 8. 0-0 Nbd7 9. c4 bxc4 10. Nxc4 a5 11. Rc1 h6 12. Bxf6 Nxf6 13. Ne1 Bxg2 14. Nxg2 Qb8 15. Nf4 Rc8 16. Nb2 c6 17. Na4 Nd7 18. Qd3 Nb6 19. Nxb6 Qxb6 20. e3 a4 21. bxa4 Rxa4 22. Rc2 Qa7 23. Rfc1 c5 24. dxc5 dxc5 25. Qd5 g5 26. Rxc5 Rxc5 27. Rxc5 Bf8 28. Rc8 Qb6 29. Nh5 Rb4 30. Qa8 Rb1+ 31. Kg2 Qb7+ 32. Qxb7 Rxb7 33. Ra8 f5 34. a4 Kf7 35. a5 Rb2 36. a6 e6 37. Ra7+ Kg6 38. g4 fxg4 39. Rc7 Kxh5 40. Rc8 Ra2 41. Rxf8 Rxa6 42. Rf6 Rb6 1/2-1/2

[Event "Shaoxing Hua Yi Rapid Cup 2nd"]
[Site "Shaoxing"]
[Date "2023.05.29"]
[Round "2.2"]
[White "Xu, Xiangyu"]
[Black "Dai, Changren"]
[Result "1-0"]
[WhiteElo "2596"]
[BlackElo "2496"]
[PlyCount "75"]
[EventDate "2023.05.29"]
[EventType "k.o. (rapid)"]
[EventRounds "5"]
[EventCountry "CHN"]
[SourceTitle "CBM 214 Extra"]
[Source "ChessBase"]
[SourceDate "2023.07.31"]
[SourceVersion "1"]
[SourceVersionDate "2023.07.31"]
[SourceQuality "1"]

1. d4 d5 2. Nf3 Nf6 3. g3 c6 4. c4 Bg4 5. Ne5 Bf5 6. cxd5 cxd5 7. Qb3 Nc6 8. e3 Rc8 9. Nc3 e6 10. Nxc6 bxc6 11. Ba6 Rb8 12. Qa4 Qb6 13. 0-0 Bd6 14. b3 0-0 15. Ba3 c5 16. Rac1 cxd4 17. Bxd6 Qxd6 18. Nb5 Qd7 19. Nxd4 Qxa4 20. bxa4 Bh3 21. Rfe1 Rb6 22. Bb5 a6 23. Bd3 Rb4 24. a5 Ra4 25. Nc6 Rxa2 26. Bxa6 Ne4 27. Re2 Nd2 28. f4 Bg4 29. Rf2 Nf3+ 30. Kg2 Nd2 31. Bb7 Kh8 32. a6 Bf5 33. Rd1 Be4+ 34. Kh3 g5 35. Rdxd2 g4+ 36. Kh4 Ra3 37. a7 Kg7 38. Ra2 1-0